|
|
|
|
| LEADER |
00000nab a2200000 a 4500 |
| 001 |
vtls000303015 |
| 003 |
SK-MaSNL |
| 005 |
20260304040706.0 |
| 008 |
111201c1988 xo 0 slo |
| 015 |
|
|
|a SNBRB19rr/mm-uuuuu
|
| 035 |
|
|
|a CL0313134
|
| 040 |
|
|
|a SNKBUCL
|b slo
|c SNKBUCL
|e AACR2
|
| 041 |
0 |
|
|a slo
|
| 044 |
|
|
|a xo
|c SK
|
| 080 |
|
|
|a 338.48(510)
|2 1981
|
| 100 |
1 |
|
|a Mičko, Ivan
|4 aut
|9 265645
|
| 245 |
1 |
0 |
|a Veľké putovanie do krajiny draka
|b Čína týchto dní (10.)
|c Ivan Mičko
|
| 650 |
0 |
7 |
|a ruch cestovný
|2 snkbucl
|9 467000
|
| 651 |
|
7 |
|a Čína
|2 snkbucl
|9 21369
|
| 655 |
|
7 |
|a články z novín a časopisov
|2 snkbucl
|9 267496
|
| 773 |
0 |
|
|t Nedeľná Pravda
|g Roč. 21, č. 6 (1988), s. 9
|
| 850 |
|
|
|a Slovenská národná knižnica v Martine
|a MTA001
|
| 852 |
|
|
|a SNK
|b KIS3GCP
|
| 958 |
|
|
|a RK
|
| 992 |
|
|
|a RBX
|
| 999 |
|
|
|c 2664513
|d 2666443
|